High-Energy Solar phenomena - a new era of Spacecraft measurements (Record no. 11980)

MARC details
000 -LEADER
fixed length control field 00909nam a2200217Ia 4500
003 - CONTROL NUMBER IDENTIFIER
control field IN-BaIIA
008 - FIXED-LENGTH DATA ELEMENTS--GENERAL INFORMATION
fixed length control field 211028s9999 xx 000 0 eng d
020 ## - INTERNATIONAL STANDARD BOOK NUMBER
International Standard Book Number 1-56396-291-8
040 ## - CATALOGING SOURCE
Transcribing agency IIA Library
080 ## - UNIVERSAL DECIMAL CLASSIFICATION NUMBER
Universal Decimal Classification number 523.985
Item number RYA
111 ## - MAIN ENTRY--MEETING NAME
Meeting name or jurisdiction name as entry element Workshop on High-Energy Solar Phenomena - A New Era of Spacecraft Measurements
Location of meeting New Hampshire
Date of meeting or treaty signing 1993
9 (RLIN) 20830
245 #0 - TITLE STATEMENT
Title High-Energy Solar phenomena - a new era of Spacecraft measurements
Remainder of title proceedings of Workshop on high-Energy Solar phenomena - a new era of Spacecraft measurements, held in New Hampshire, USA,1993
Statement of responsibility, etc. edited by W. Thomas Vestrand and James M. Ryan
260 ## - PUBLICATION, DISTRIBUTION, ETC.
Place of publication, distribution, etc. New York
Name of publisher, distributor, etc. American Institute of Physics
Date of publication, distribution, etc. 1994
300 ## - PHYSICAL DESCRIPTION
Extent [various pagings.]
650 ## - SUBJECT ADDED ENTRY--TOPICAL TERM
Topical term or geographic name entry element Flares
9 (RLIN) 6133
650 ## - SUBJECT ADDED ENTRY--TOPICAL TERM
Topical term or geographic name entry element Solar Flares
9 (RLIN) 4046
650 ## - SUBJECT ADDED ENTRY--TOPICAL TERM
Topical term or geographic name entry element Solar Phenomena
9 (RLIN) 20831
700 ## - ADDED ENTRY--PERSONAL NAME
Personal name Ryan, James M., ed.
9 (RLIN) 20832
700 ## - ADDED ENTRY--PERSONAL NAME
Personal name Vestrand, W. Thomas, ed.
9 (RLIN) 20833
942 ## - ADDED ENTRY ELEMENTS (KOHA)
Koha item type Books
Holdings
Withdrawn status Lost status Damaged status Not for loan Home library Current library Shelving location Date acquired Source of acquisition Cost, normal purchase price Total Checkouts Full call number Barcode Date last seen Cost, replacement price Price effective from Koha item type Purchase Price
        IIA Library-Bangalore IIA Library-Bangalore General Stacks 20/12/1996 WP 5329.50   523.985/ RYA 12896 05/11/2021 5329.50 20/12/1996 Books Rs. 5329.50

Powered by Koha